000 00284nam a22001337a 4500
008 170530b xxu||||| |||| 00| 0 eng d
020 _a9781416547969
041 _aeng
080 _a94(4)
100 _a17
101 _aSHH
245 _aEMANCIPATION
_cGOLDFARB,M
942 _2udc
_cBK
999 _c15025
_d15025